Т. 7 : Обозримое будущее: фантастические рассказы; Полное собрание сочинений; Усилия любви; В одной лаборатории; Рассказы из письменного стола; Рассказы последних лет

Bibliographic Details
Parent link:Полное собрание сочинений/ К. Булычев. Т. 7 : Обозримое будущее.— , 1995
Language:Russian
Published: 1995
TOC:Усилия любви; В одной лаборатории; Рассказы из письменного стола; Рассказы последних лет;
Subjects:
Format: Book
KOHA link:https://koha.lib.tpu.ru/cgi-bin/koha/opac-detail.pl?biblionumber=664

MARC

LEADER 00000nam0a2200000 4500
001 664
005 20231030172655.0
010 |a 5854820145 
035 |a (RuTPU)RU\TPU\book\668 
035 |a BOOK00000669 
090 |a 664 
100 |a 20011209d1996 m y0rusy50 ca 
101 0 |a rus 
102 |a RU 
105 |a y z 000ay 
200 0 |a Т. 7 : Обозримое будущее  |e фантастические рассказы 
210 |d 1995 
215 |a 416 с. 
461 |t Полное собрание сочинений  |v Т. 7 : Обозримое будущее  |f К. Булычев  |d 1995  |s Взрослая фантастика 
464 |t Усилия любви; В одной лаборатории; Рассказы из письменного стола; Рассказы последних лет  |o рассказы 
610 1 |a фантастика 
610 1 |a рассказы 
675 |a Р2  |v 3 
801 0 |a RU  |b 63413507  |c 20011209  |g PSBO 
801 2 |a RU  |b 63413507  |c 20190627  |g PSBO 
942 |c BK